000 00625nam a2200253Ia 4500
003 OSt
005 20221007112656.0
006 a|||||r|||| 00| 0
007 ta
008 221006b |||||||| |||| 00| 0 eng d
024 _a29,157
037 _cTextual
040 _aLCO
_cLCO
_beng
041 _2eng
_aeng
082 _aX81:(Z), Q1
100 _aBirds Johan
_9708736
245 0 _aModern Insurance Law
250 _a1st S.A.E
260 _aLondon
_bSweet & Maxwell UK
_c2011
300 _a445
650 _aInsurance
942 _hX81:(Z), Q1
_cTEXL
999 _c1198720
_d1198720